|
|
|
|
| LEADER |
02568nam a2200325Ia 4500 |
| 001 |
bslw09140026 |
| 003 |
UtOrBLW |
| 005 |
20130917112220.0 |
| 006 |
m o d |
| 007 |
cr un||||||||| |
| 008 |
130917s2013 enka o 000 0 eng d |
| 020 |
|
|
|a 9781781908914 (electronic bk.) :
|c £67.95 ; €97.95 ; $124.95
|
| 040 |
|
|
|a UtOrBLW
|c UtOrBLW
|d GrThAP
|
| 050 |
|
4 |
|a HD58.8
|b .R47 2013
|
| 072 |
|
7 |
|a KJU
|2 bicssc
|
| 072 |
|
7 |
|a BUS085000
|2 bisacsh
|
| 080 |
|
|
|a 658
|
| 082 |
0 |
4 |
|a 658.406
|2 23
|
| 245 |
0 |
0 |
|a Research in organizational change and development.
|n Vol. 21
|h [electronic resource] /
|c edited by Abraham B. (Rami) Shani ... [et al.].
|
| 260 |
|
|
|a Bingley, U.K. :
|b Emerald,
|c 2013.
|
| 300 |
|
|
|a 1 online resource (xi, 263 p.) :
|b ill.
|
| 490 |
0 |
|
|a Research in organizational change and development,
|x 0897-3016
|
| 505 |
0 |
|
|a Attitudes about the field of organization development 20 years later : the more things change, the more they stay the same / Amanda C. Shull, Allan H. Church, W.Warner Burke -- Mastering organizational complexity : a core competence for 21st century leaders / Ron Ashkenas, Wes Siegal, Markus Spiegel -- Academics as effective orchestrators of interorganizational change and development : the experience of Italian observatories / Luca Gastaldi, Mariano Corso -- Messy, iterative groping in the swampy lowlands : the challenges of insider scholar-practitioner inquiry / David Coghlan -- Methods for tracking and trailing change / Inger G. Stensaker -- Cognitive behavioral executive coaching / Darren Good, Bauback Yeganeh, Robin Yeganeh -- Compassion for a change : a review of research and theory / Andre S. Avramchuk, Michael R. Manning, Robert A. Carpino -- Adoption of employee involvement practices : organizational change issues and insights / George S. Benson, Michael Kimmel, Edward E. Lawler.
|
| 520 |
|
|
|a Research in organizational change and development provides a special platform for scholars and practitioners to share new research-based insights. Volume 21 continues the tradition of providing insightful and thought-provoking chapters. Papers bring new perspectives to classic issues in the field such as organizational complexity, change leadership, emotional intelligence and interorganizational change.
|
| 650 |
|
7 |
|a Business & Economics
|x Organizational Behavior.
|2 bisacsh
|
| 650 |
|
7 |
|a Organizational theory & behaviour.
|2 bicssc
|
| 650 |
|
0 |
|a Organizational change.
|
| 700 |
1 |
|
|a Shani, Abraham B.
|
| 776 |
1 |
|
|z 9781781908907
|
| 856 |
4 |
0 |
|u http://www.emeraldinsight.com/0897-3016/21
|z Full Text via HEAL-Link
|